000 00610nam a2200193Ia 4500
008 190805s9999||||xx |||||||||||||| ||und||
020 _a9780074633502
_cRs. 685.00
082 0 4 _a530.7
_bR162
100 1 _aRangan, C. S.
245 1 0 _aInstrumentation: Devices and system /
_cC. S. Rangan, G. R. Sarma and V. S. V. Mani
250 _a2nd ed.
260 _aNew Delhi :
_bMcGraw Hill Education India,
_c1997, reprinted 2016
300 _axiv, 549 p.
_b : ill.
_c; 24 cm.
650 0 _aMeasuring instruments
700 1 _aMani, V. S. V.
700 1 _aSarma, G. R.
942 _cBK
999 _c203
_d203